<?xml version="1.0" encoding="UTF-8"?>
<record
    xmlns:xsi="http://www.w3.org/2001/XMLSchema-instance"
    xsi:schemaLocation="http://www.loc.gov/MARC21/slim http://www.loc.gov/standards/marcxml/schema/MARC21slim.xsd"
    xmlns="http://www.loc.gov/MARC21/slim">

  <leader>02605    a2200229   4500</leader>
  <controlfield tag="001">1891</controlfield>
  <controlfield tag="005">20260407155419.0</controlfield>
  <controlfield tag="008">260407a2010    arg                 spa d</controlfield>
  <controlfield tag="003">AR-UNSa-BCEJYS</controlfield>
  <datafield tag="040" ind1=" " ind2=" ">
    <subfield code="a">AR-UNSa-BCEJYS</subfield>
    <subfield code="b">spa</subfield>
    <subfield code="c">AR-UNSa-BCEJYS</subfield>
  </datafield>
  <datafield tag="080" ind1=" " ind2=" ">
    <subfield code="a">658.012.432</subfield>
    <subfield code="x">Direcci&#xF3;n por un consejo de administraci&#xF3;n, por un consejo de direcci&#xF3;n. Control corporativo</subfield>
  </datafield>
  <datafield tag="245" ind1="1" ind2="0">
    <subfield code="a">Gobierno corporativo</subfield>
    <subfield code="p">direcci&#xF3;n, administraci&#xF3;n y control de organizaciones en forma &#xE9;tica y responsable</subfield>
  </datafield>
  <datafield tag="020" ind1=" " ind2=" ">
    <subfield code="a">978-987-01-1129-0</subfield>
  </datafield>
  <datafield tag="264" ind1=" " ind2="1">
    <subfield code="a">Buenos Aires :</subfield>
    <subfield code="b">Errepar</subfield>
    <subfield code="c">2010</subfield>
  </datafield>
  <datafield tag="300" ind1=" " ind2=" ">
    <subfield code="a">lxxxiv, 1130 p.</subfield>
    <subfield code="c">22 cm.</subfield>
  </datafield>
  <datafield tag="505" ind1=" " ind2=" ">
    <subfield code="a">1. Aspectos del gobierno corporativo interrelacionados - 2. Gobierno corporativo para Pymes - 3. Fraude en los negocios - 4. El sistema de gesti&#xF3;n para prevenir el fraude corporativo. Norma IRAM - 5. Controles internos y gesti&#xF3;n de riesgos. Informes Coso - 6. Sistema de gesti&#xF3;n de riesgos. Normas IRAM - 7. Tecnolog&#xED;a de la informaci&#xF3;n . Norma IRAM-ISO - 8. C&#xF3;digos de conducta corporativa - 9. Sistema de responsabilidad social. Norma ISO - 10. Responsabilidad social corporativa para Pymes - 11. Memoria de los administradores - 12. Informes corporativos sobre sostenibilidad - 13. Comit&#xE9;s de auditor&#xED;a - 14. Sindicatura societaria - 15. Auditor&#xED;a financiera de Pymes - 16. IFRS completos para empresas cotizantes - 17. El est&#xE1;ndar internacional de informaci&#xF3;n financiera simplificado para Pymes - 18. Contabilidad, documentaci&#xF3;n y libros seg&#xFA;n la ley de sociedades comerciales y el c&#xF3;digo de comercio - 19. Normas sobre presentaci&#xF3;n de estados financieros , documentaci&#xF3;n y registros contables . Inspecci&#xF3;n general de justicia - 20. Estados contables para entes comerciales , industriales y de servicios . Normas contables profesionales - 21. Sociedades extranjeras. Normas societarias - 22. Asociaciones civiles y fundaciones. Normas legales y profesionales - 23. Cooperativas. Normas legales y profesionales - 24. Lavado de activos de origen delictivo y financiamiento del terrorismo - 25. Ley Sarbanes-Oxley y su impacto en las empresas - 26. Auditor&#xED;a forense - 27. El comercio electr&#xF3;nico (E-Commerce) - 28. Comunicaciones con los encargados del gobierno corporativo - 29. Normas de auditor&#xED;a gubernamentales - 30. Normas m&#xED;nimas de control interno para el buen gobierno corporativo en entidades del Estado</subfield>
  </datafield>
  <datafield tag="041" ind1=" " ind2=" ">
    <subfield code="a">spa</subfield>
  </datafield>
  <datafield tag="942" ind1=" " ind2=" ">
    <subfield code="c">BK</subfield>
  </datafield>
  <datafield tag="590" ind1=" " ind2=" ">
    <subfield code="a">niveau_biblio:m niveau_hierar:0</subfield>
  </datafield>
  <datafield tag="100" ind1="1" ind2=" ">
    <subfield code="a">Casal, Armando Miguel</subfield>
  </datafield>
  <datafield tag="856" ind1="4" ind2="1">
    <subfield code="u">https://biblioeco.unsa.edu.ar/pmb/images/libros/Gobierno corporativo2-l118074.jpg</subfield>
    <subfield code="y">Imagen de portada</subfield>
    <subfield code="q">image/jpeg</subfield>
  </datafield>
  <datafield tag="999" ind1=" " ind2=" ">
    <subfield code="c">191</subfield>
    <subfield code="d">191</subfield>
  </datafield>
  <datafield tag="952" ind1=" " ind2=" ">
    <subfield code="0">0</subfield>
    <subfield code="1">0</subfield>
    <subfield code="4">0</subfield>
    <subfield code="7">0</subfield>
    <subfield code="a">BCEJYS</subfield>
    <subfield code="b">BCEJYS</subfield>
    <subfield code="c">16</subfield>
    <subfield code="d">2026-04-07</subfield>
    <subfield code="l">0</subfield>
    <subfield code="o">658.012.432 C334</subfield>
    <subfield code="p">L118074</subfield>
    <subfield code="r">2026-04-07 15:54:19</subfield>
    <subfield code="w">2026-04-07</subfield>
    <subfield code="y">L</subfield>
  </datafield>
  <datafield tag="952" ind1=" " ind2=" ">
    <subfield code="0">0</subfield>
    <subfield code="1">0</subfield>
    <subfield code="4">0</subfield>
    <subfield code="7">0</subfield>
    <subfield code="a">BCEJYS</subfield>
    <subfield code="b">BCEJYS</subfield>
    <subfield code="c">16</subfield>
    <subfield code="d">2026-04-07</subfield>
    <subfield code="l">0</subfield>
    <subfield code="o">658.012.432 C334</subfield>
    <subfield code="p">L118075</subfield>
    <subfield code="r">2026-04-07 15:54:19</subfield>
    <subfield code="w">2026-04-07</subfield>
    <subfield code="y">L</subfield>
  </datafield>
  <datafield tag="952" ind1=" " ind2=" ">
    <subfield code="0">0</subfield>
    <subfield code="1">0</subfield>
    <subfield code="4">0</subfield>
    <subfield code="7">0</subfield>
    <subfield code="a">BCEJYS</subfield>
    <subfield code="b">BCEJYS</subfield>
    <subfield code="c">16</subfield>
    <subfield code="d">2026-04-07</subfield>
    <subfield code="l">0</subfield>
    <subfield code="o">658.012.432 C334</subfield>
    <subfield code="p">L118076</subfield>
    <subfield code="r">2026-04-07 15:54:19</subfield>
    <subfield code="w">2026-04-07</subfield>
    <subfield code="y">L</subfield>
  </datafield>
  <datafield tag="952" ind1=" " ind2=" ">
    <subfield code="0">0</subfield>
    <subfield code="1">0</subfield>
    <subfield code="4">0</subfield>
    <subfield code="7">0</subfield>
    <subfield code="a">BCEJYS</subfield>
    <subfield code="b">BCEJYS</subfield>
    <subfield code="c">16</subfield>
    <subfield code="d">2026-04-07</subfield>
    <subfield code="l">0</subfield>
    <subfield code="o">658.012.432 C334</subfield>
    <subfield code="p">L118077</subfield>
    <subfield code="r">2026-04-07 15:54:19</subfield>
    <subfield code="w">2026-04-07</subfield>
    <subfield code="y">L</subfield>
  </datafield>
  <datafield tag="952" ind1=" " ind2=" ">
    <subfield code="0">0</subfield>
    <subfield code="1">0</subfield>
    <subfield code="4">0</subfield>
    <subfield code="7">0</subfield>
    <subfield code="a">BCEJYS</subfield>
    <subfield code="b">BCEJYS</subfield>
    <subfield code="c">16</subfield>
    <subfield code="d">2026-04-07</subfield>
    <subfield code="l">0</subfield>
    <subfield code="o">658.012.432 C334</subfield>
    <subfield code="p">L118078</subfield>
    <subfield code="r">2026-04-07 15:54:19</subfield>
    <subfield code="w">2026-04-07</subfield>
    <subfield code="y">L</subfield>
  </datafield>
</record>
